| 000 | 00628nam a2200217 u 4500 | ||
|---|---|---|---|
| 005 | 20240910063823.0 | ||
| 008 | 100527s2007 mx r 000 0 spa d | ||
| 020 | _a9789707709560 | ||
| 035 | _aUPN01000176175 | ||
| 049 | _aCG | ||
| 050 | 4 |
_aPS3558 I4.4 _bT7.2 |
|
| 100 | 1 |
_aHill, Joe, _d1971- |
|
| 245 | 1 | 3 |
_aEl traje del muerto / _cJoe Hill ; tr. Julio A. Sierra. |
| 260 |
_aMéxico : _bSantillana, _c2007. |
||
| 300 | _a404 p. | ||
| 440 | 0 | _aSuma de letras | |
| 534 |
_pTítulo original: _tHeart-shaped box |
||
| 650 | 4 |
_aNovela estadounidense _ySiglo XX _916200 |
|
| 650 | 4 |
_aCuentos de terror _92404 |
|
| 905 | _aLibro | ||
| 999 |
_c148278 _d148278 |
||